<?xml version="1.0" encoding="UTF-8"?>
<collection xmlns="http://www.loc.gov/MARC21/slim">
 <record>
  <leader>01548nam a2200409 i 4500</leader>
  <controlfield tag="001">elibro.ELB270030</controlfield>
  <controlfield tag="003">FINmELB</controlfield>
  <controlfield tag="005">20240731093000.5</controlfield>
  <controlfield tag="006">m     o  d |      </controlfield>
  <controlfield tag="007">cr cnu||||||||</controlfield>
  <controlfield tag="008">240708s2015    sp a    ob    000 0 spa d</controlfield>
  <datafield tag="020" ind1=" " ind2=" ">
   <subfield code="a">9788483562680</subfield>
   <subfield code="q">(ebook)</subfield>
  </datafield>
  <datafield tag="020" ind1=" " ind2=" ">
   <subfield code="z">9788483562673</subfield>
   <subfield code="q">(impreso)</subfield>
  </datafield>
  <datafield tag="035" ind1=" " ind2=" ">
   <subfield code="a">(OCoLC)1327855307</subfield>
  </datafield>
  <datafield tag="040" ind1=" " ind2=" ">
   <subfield code="a">FINmELB</subfield>
   <subfield code="b">spa</subfield>
   <subfield code="e">rda</subfield>
   <subfield code="c">FINmELB</subfield>
  </datafield>
  <datafield tag="050" ind1=" " ind2="4">
   <subfield code="a">HD57.7</subfield>
   <subfield code="b">H848 2015</subfield>
  </datafield>
  <datafield tag="080" ind1=" " ind2=" ">
   <subfield code="a">316.46</subfield>
  </datafield>
  <datafield tag="082" ind1="0" ind2="4">
   <subfield code="a">658.4092</subfield>
   <subfield code="2">23</subfield>
  </datafield>
  <datafield tag="100" ind1="1" ind2=" ">
   <subfield code="a">Huete, Luis María,</subfield>
   <subfield code="e">autor.</subfield>
  </datafield>
  <datafield tag="245" ind1="1" ind2="0">
   <subfield code="a">Liderar para el bien común /</subfield>
   <subfield code="c">Luis Huete y Javier García ; prólogo de José María Álvarez-Pallete.</subfield>
  </datafield>
  <datafield tag="250" ind1=" " ind2=" ">
   <subfield code="a">Primera edición.</subfield>
  </datafield>
  <datafield tag="264" ind1=" " ind2="1">
   <subfield code="a">Madrid :</subfield>
   <subfield code="b">LID,</subfield>
   <subfield code="c">2015.</subfield>
  </datafield>
  <datafield tag="300" ind1=" " ind2=" ">
   <subfield code="a">1 recurso en línea :</subfield>
   <subfield code="b">ilustraciones, gráficos</subfield>
  </datafield>
  <datafield tag="336" ind1=" " ind2=" ">
   <subfield code="a">texto</subfield>
   <subfield code="b">txt</subfield>
   <subfield code="2">rdacontent/spa</subfield>
  </datafield>
  <datafield tag="337" ind1=" " ind2=" ">
   <subfield code="a">computadora</subfield>
   <subfield code="b">c</subfield>
   <subfield code="2">rdamedia/spa</subfield>
  </datafield>
  <datafield tag="338" ind1=" " ind2=" ">
   <subfield code="a">recurso en línea</subfield>
   <subfield code="b">cr</subfield>
   <subfield code="2">rdacarrier/spa</subfield>
  </datafield>
  <datafield tag="490" ind1="1" ind2=" ">
   <subfield code="a">Acción empresarial</subfield>
  </datafield>
  <datafield tag="490" ind1="1" ind2=" ">
   <subfield code="a">Biblioteca Luis Huete</subfield>
  </datafield>
  <datafield tag="504" ind1=" " ind2=" ">
   <subfield code="a">Incluye referencias bibliográficas.</subfield>
  </datafield>
  <datafield tag="588" ind1=" " ind2=" ">
   <subfield code="a">Descripción basada en metadatos suministrados por el editor y otras fuentes.</subfield>
  </datafield>
  <datafield tag="590" ind1=" " ind2=" ">
   <subfield code="a">Recurso electrónico. Santa Fe, Arg.: elibro, 2024. Disponible vía World Wide Web. El acceso puede estar limitado para las bibliotecas afiliadas a elibro.</subfield>
  </datafield>
  <datafield tag="650" ind1=" " ind2="4">
   <subfield code="a">Liderazgo.</subfield>
  </datafield>
  <datafield tag="655" ind1=" " ind2="4">
   <subfield code="a">Libros electrónicos.</subfield>
  </datafield>
  <datafield tag="700" ind1="1" ind2=" ">
   <subfield code="a">García, Javier</subfield>
   <subfield code="q">(García Arevalillo),</subfield>
   <subfield code="e">autor.</subfield>
  </datafield>
  <datafield tag="797" ind1="2" ind2=" ">
   <subfield code="a">elibro, Corp.</subfield>
  </datafield>
  <datafield tag="830" ind1=" " ind2="0">
   <subfield code="a">Acción empresarial.</subfield>
  </datafield>
  <datafield tag="856" ind1="4" ind2="0">
   <subfield code="u">https://elibro.net/ereader/unsbiblio/270030</subfield>
  </datafield>
 </record>
</collection>
